Countries that were in the 2010 FIFA World Cup - Statistics

General Stats
  • This quiz has been taken 50 times
  • The average score is 31 of 32
Answer Stats
Picture Answer % Correct
Argentina
100%
Australia
100%
Denmark
100%
England
100%
France
100%
Germany
100%
Ghana
100%
Greece
100%
Japan
100%
Mexico
100%
Netherlands
100%
Nigeria
100%
South Africa
100%
South Korea
100%
Uruguay
100%
USA
100%
Brazil
97%
Cameroon
97%
Italy
97%
New Zealand
97%
Spain
97%
Algeria
95%
North Korea
95%
Paraguay
95%
Portugal
95%
Serbia
95%
Slovenia
95%
Switzerland
95%
Chile
92%
Honduras
92%
Ivory Coast
92%
Slovakia
41%
No matching quizzes found
Score Distribution
Percent of People with Each Score
Percentile by Number Answered
Your Score History
You have not taken this quiz